[Event "Armed Forces-ch"]
[Site "USA"]
[Date "1991.??.??"]
[Round "9"]
[White "Hampel, R."]
[Black "Lacno, Donato"]
[Result "0-1"]
[WhiteElo "2135"]
[BlackElo "2065"]
[PlyCount "62"]
[EventDate "1991.??.??"]
[EventType "swiss"]
[EventRounds "12"]
[EventCountry "USA"]
[SourceTitle "EXT 1999"]
[Source "ChessBase"]
[SourceDate "1998.11.16"]
[SourceVersion "1"]
[SourceVersionDate "1998.11.16"]
[SourceQuality "1"]

1. e4 d6 2. d4 g6 3. Nc3 Bg7 4. Nf3 Nf6 5. Bf4 Nh5 6. Be3 0-0 7. Qd2 Nd7 8. Bh6 c6 9. 0-0-0 b5 10. Bxg7 Kxg7 11. e5 f5 12. Ng5 Nb6 13. f4 h6 14. Nh3 b4 15. Ne2 a5 16. Nf2 Be6 17. Kb1 Nc4 18. Qc1 a4 19. b3 axb3 20. cxb3 Qa5 21. Rd2 Nxd2+ 22. Qxd2 Bxb3 23. Nc1 Bd5 24. Qb2 b3 25. axb3 Rfb8 26. Nfd3 Ra7 27. Be2 Be4 28. Rf1 Kh7 29. g4 fxg4 30. Bxg4 Ng7 31. Qe2 Qc3 0-1

[Event "Armed Forces-ch"]
[Site "USA"]
[Date "1991.??.??"]
[Round "7"]
[White "Hampel, R."]
[Black "Lane, Paul D"]
[Result "1-0"]
[WhiteElo "2135"]
[BlackElo "2105"]
[PlyCount "75"]
[EventDate "1991.??.??"]
[EventType "swiss"]
[EventRounds "12"]
[EventCountry "USA"]
[SourceTitle "EXT 1999"]
[Source "ChessBase"]
[SourceDate "1998.11.16"]
[SourceVersion "1"]
[SourceVersionDate "1998.11.16"]
[SourceQuality "1"]

1. e4 c5 2. Nf3 d6 3. d4 cxd4 4. Nxd4 Nf6 5. Nc3 a6 6. f4 e5 7. Nf3 Qc7 8. Bd3 Be7 9. 0-0 0-0 10. Kh1 b5 11. a3 Bb7 12. Qe1 Nbd7 13. Nh4 Rfe8 14. Nf5 Bf8 15. Qg3 Kh8 16. fxe5 dxe5 17. Qh4 Rac8 18. Bg5 Qb6 19. Rf3 Ng8 20. Nd5 Bxd5 21. exd5 Ndf6 22. Re1 g6 23. Ng3 Bg7 24. Ref1 e4 25. Nxe4 Nxe4 26. Bxe4 Rc4 27. Rf4 f5 28. Bd3 Rxf4 29. Bxf4 Bxb2 30. Re1 Rd8 31. d6 Nf6 32. Re7 Rxd6 33. Bxd6 Qxd6 34. Qe1 Bxa3 35. Re6 Qf8 36. Qe5 Kg7 37. Rxa6 Kh6 38. Qxf6 1-0

[Event "Armed Forces-ch"]
[Site "USA"]
[Date "1991.??.??"]
[Round "2"]
[White "Hampel, R."]
[Black "Smithwick, John"]
[Result "0-1"]
[WhiteElo "2135"]
[BlackElo "2170"]
[PlyCount "80"]
[EventDate "1991.??.??"]
[EventType "swiss"]
[EventRounds "12"]
[EventCountry "USA"]
[SourceTitle "EXT 1999"]
[Source "ChessBase"]
[SourceDate "1998.11.16"]
[SourceVersion "1"]
[SourceVersionDate "1998.11.16"]
[SourceQuality "1"]

1. e4 g6 2. d4 Bg7 3. Nc3 d6 4. Nf3 c6 5. Bf4 Bg4 6. Qd2 Bxf3 7. gxf3 Nd7 8. 0-0-0 b5 9. Be3 a6 10. f4 Nb6 11. Kb1 Nf6 12. Bd3 Nfd7 13. Rdg1 c5 14. dxc5 Nxc5 15. f5 Nca4 16. Nd1 Qc7 17. fxg6 hxg6 18. h4 Nc4 19. Bxc4 bxc4 20. Qb4 Nxb2 21. Bb6 Rb8 22. Bxc7 Rxb4 23. Nxb2 Bxb2 24. Ba5 Rb7 25. Be1 Kd7 26. c3 Rhb8 27. Kc2 Ba3 28. Bd2 Rb2+ 29. Kd1 Rxa2 30. Ke2 Rbb2 31. Rd1 Rc2 32. Ke1 Bc5 33. Rh2 a5 34. f3 a4 35. Re2 a3 36. Rc1 Rcb2 37. Rd1 Rb3 38. Kf1 Rab2 39. Bc1 Rxe2 40. Kxe2 a2 0-1